Včelia farma
Saved in:
| Main Author: | |
|---|---|
| Other Authors: | |
| Format: | Manuscript Book |
| Language: | Slovak |
| Published: |
2024
|
| Subjects: | |
| Online Access: | http://is.stuba.sk/zp/portal_zp.pl?podrobnosti=185766 https://opac.crzp.sk/?fn=detailBiblioForm&sid=E866CA411CD4E51497BF8269BB2C |
| Tags: |
No Tags, Be the first to tag this record!
|
MARC
| LEADER | 00000ntm a22000003a 4500 | ||
|---|---|---|---|
| 001 | stuzp100048 | ||
| 003 | SK-STU | ||
| 005 | 20240924140403.9 | ||
| 007 | ta | ||
| 008 | 150427s2015----xo-----f-mn---000-0-slo-d | ||
| 040 | |a STU |b slo | ||
| 041 | 0 | |a slo | |
| 100 | 1 | |a Kvasnicová, Vladimíra |u 010310 |4 aut |U SvF Stavebná fakulta |T SvF Katedra architektúry |X 104402 |U V181|V310 |Y 19 |7 104402 | |
| 242 | 0 | 1 | |a Bee Farm |y eng |
| 245 | 1 | 0 | |a Včelia farma |
| 260 | |c 2024 | ||
| 650 | 4 | |a farma |2 slo | |
| 650 | 4 | |a bakalárska práca |2 slo | |
| 650 | 4 | |a včelia farma |2 slo | |
| 650 | 4 | |a vidiek |2 slo | |
| 650 | 4 | |a Košeca |2 slo | |
| 650 | 4 | |a včely |2 slo | |
| 650 | 4 | |a bachelor thesis |2 eng | |
| 650 | 4 | |a bee farm |2 eng | |
| 650 | 4 | |a countryside |2 eng | |
| 650 | 4 | |a farm |2 eng | |
| 650 | 4 | |a bees |2 eng | |
| 650 | 4 | |a Košeca |2 eng | |
| 700 | 1 | |a Pilař, Pavol |u 010310 |k Z1 |4 ths |U SvF Stavebná fakulta |T SvF Katedra architektúry |X 59136 |U V181|V310 |Y 19 |7 A000059136 | |
| 856 | 4 | |u http://is.stuba.sk/zp/portal_zp.pl?podrobnosti=185766 | |
| 856 | 4 | |u https://opac.crzp.sk/?fn=detailBiblioForm&sid=E866CA411CD4E51497BF8269BB2C | |